[Event "Titled Tuesday intern op 24th Sep Late"]
[Site "Chess.com INT"]
[Date "2024.09.24"]
[Round "6"]
[White "Diaz Perez, Michel Alejandro"]
[Black "Wisniacki, Flavio"]
[Result "1-0"]
[WhiteElo "2479"]
[BlackElo "2268"]
[PlyCount "55"]
[EventDate "2024.09.24"]
[EventType "swiss (blitz)"]
[EventRounds "11"]
[EventCountry "USA"]
[SourceTitle "CB41_2024"]
[SourceDate "2024.10.09"]
[SourceVersion "1"]
[SourceVersionDate "2024.10.09"]
[SourceQuality "1"]

1. e4 e5 2. Nf3 Nc6 3. d4 exd4 4. Bc4 Nf6 5. e5 d5 6. Bb5 Nd7 7. c3 dxc3 8. Nxc3 a6 9. Ba4 Nb6 10. Bc2 Be7 11. 0-0 Bg4 12. Re1 Bxf3 13. gxf3 Qd7 14. f4 Qh3 15. Re3 Qh4 16. Rg3 0-0-0 17. Bf5+ Kb8 18. Rh3 d4 19. Ne4 d3 20. Rxh4 Bxh4 21. Be3 Nc4 22. Nc5 d2 23. Nxa6+ bxa6 24. Qb3+ Nb6 25. Bxb6 d1Q+ 26. Rxd1 Rxd1+ 27. Qxd1 cxb6 28. Qd6+ 1-0

[Event "Titled Tuesday intern op 24th Sep Early"]
[Site "Chess.com INT"]
[Date "2024.09.24"]
[Round "11"]
[White "Shubenkova, Veronika"]
[Black "Wisniacki, Flavio"]
[Result "1-0"]
[WhiteElo "2024"]
[BlackElo "2268"]
[PlyCount "95"]
[EventDate "2024.09.24"]
[EventType "swiss (blitz)"]
[EventRounds "11"]
[EventCountry "USA"]
[SourceTitle "CB41_2024"]
[SourceDate "2024.10.09"]
[SourceVersion "1"]
[SourceVersionDate "2024.10.09"]
[SourceQuality "1"]

1. d4 Nf6 2. e3 e6 3. f4 d5 4. Nf3 Be7 5. c3 Ne4 6. Bd3 f5 7. Bxe4 fxe4 8. Ne5 0-0 9. 0-0 Nd7 10. Nd2 Nxe5 11. fxe5 Rxf1+ 12. Qxf1 Qf8 13. Qe2 Bd7 14. a4 Qf7 15. b3 Rf8 16. Bb2 Qg6 17. c4 Bb4 18. Nf1 Bc6 19. Ng3 a5 20. Nh5 Qe8 21. Nf4 Rf5 22. Qg4 Qf7 23. h4 Be7 24. Ba3 Bd8 25. Rc1 g6 26. Qh3 Be7 27. Bb2 Bd8 28. g4 Rxf4 29. exf4 Qxf4 30. Rf1 Qd2 31. Bc3 Qc2 32. g5 Bd7 33. cxd5 Qxb3 34. Qe3 exd5 35. Qf4 Bf5 36. Qg3 c5 37. dxc5 d4 38. Be1 e3 39. h5 Qe6 40. hxg6 hxg6 41. Rf4 Bc7 42. Rxd4 Bxe5 43. Rd8+ Kf7 44. Qh4 Bg7 45. Qh7 Ke7 46. Rd6 Qf7 47. Qh4 Be6 48. Qg3 1-0

[Event "Titled Tuesday intern op 24th Sep Early"]
[Site "Chess.com INT"]
[Date "2024.09.24"]
[Round "3"]
[White "Wisniacki, Flavio"]
[Black "Asish, Panda"]
[Result "0-1"]
[WhiteElo "2268"]
[BlackElo "1903"]
[PlyCount "42"]
[EventDate "2024.09.24"]
[EventType "swiss (blitz)"]
[EventRounds "11"]
[EventCountry "USA"]
[SourceTitle "CB41_2024"]
[SourceDate "2024.10.09"]
[SourceVersion "1"]
[SourceVersionDate "2024.10.09"]
[SourceQuality "1"]

1. Nf3 d5 2. d4 Nf6 3. g3 e6 4. Bg2 Be7 5. 0-0 0-0 6. c4 Ne4 7. Nfd2 f5 8. Nxe4 fxe4 9. f3 exf3 10. exf3 dxc4 11. Be3 Nc6 12. f4 Bf6 13. Bxc6 bxc6 14. Nc3 Bb7 15. Ne4 c5 16. Nxc5 Bc6 17. Qg4 Re8 18. Kf2 Qd5 19. Rg1 Bxd4 20. Na6 Bxe3+ 21. Kxe3 Qa5 0-1

[Event "Titled Tuesday intern op 24th Sep Late"]
[Site "Chess.com INT"]
[Date "2024.09.24"]
[Round "7"]
[White "Wisniacki, Flavio"]
[Black "Montano Vicente, Guadalupe"]
[Result "1-0"]
[WhiteElo "2268"]
[BlackElo "1973"]
[PlyCount "81"]
[EventDate "2024.09.24"]
[EventType "swiss (blitz)"]
[EventRounds "11"]
[EventCountry "USA"]
[SourceTitle "CB41_2024"]
[SourceDate "2024.10.09"]
[SourceVersion "1"]
[SourceVersionDate "2024.10.09"]
[SourceQuality "1"]

1. Nf3 c5 2. c4 d6 3. d4 cxd4 4. Nxd4 Nc6 5. e4 g6 6. Nc3 Bg7 7. Be3 Nf6 8. Be2 0-0 9. 0-0 Nd7 10. Qd2 a6 11. Rac1 Re8 12. Rfd1 Nxd4 13. Bxd4 Bxd4 14. Qxd4 Qb6 15. Nd5 Qxd4 16. Rxd4 Rb8 17. b4 Ne5 18. a3 Be6 19. f4 Nc6 20. Rd2 Rbc8 21. Nb6 Rc7 22. g4 f5 23. Nd5 Rcc8 24. exf5 gxf5 25. g5 Kg7 26. Bf3 Bf7 27. Ne3 Bg6 28. h4 Rf8 29. h5 Be8 30. Kf2 h6 31. g6 Nd8 32. Nd5 e6 33. Nb6 Rc7 34. Rxd6 Bc6 35. Rcd1 Bxf3 36. Kxf3 Rc6 37. Rxd8 Rxd8 38. Rxd8 Rxb6 39. Rd7+ Kg8 40. c5 Rc6 41. Rxb7 1-0

[Event "Titled Tuesday intern op 24th Sep Late"]
[Site "Chess.com INT"]
[Date "2024.09.24"]
[Round "11"]
[White "Wisniacki, Flavio"]
[Black "Sayed Hassan, Mohamed"]
[Result "0-1"]
[WhiteElo "2268"]
[BlackElo "2227"]
[PlyCount "108"]
[EventDate "2024.09.24"]
[EventType "swiss (blitz)"]
[EventRounds "11"]
[EventCountry "USA"]
[SourceTitle "CB41_2024"]
[SourceDate "2024.10.09"]
[SourceVersion "1"]
[SourceVersionDate "2024.10.09"]
[SourceQuality "1"]

1. Nf3 d5 2. d4 Bf5 3. c4 e6 4. Nc3 c6 5. Qb3 Qb6 6. c5 Qc7 7. Bf4 Qc8 8. e3 Be7 9. h3 Nf6 10. Be2 0-0 11. 0-0 Bd8 12. Qd1 Bc7 13. b4 Bxf4 14. exf4 Ne4 15. Nxe4 dxe4 16. Ne5 Nd7 17. Nc4 Nf6 18. Nd6 Qd7 19. a4 h6 20. b5 Bh7 21. Bc4 Ne8 22. bxc6 bxc6 23. Nxe8 Rfxe8 24. Qd2 Rab8 25. Rfd1 Rb7 26. Ba6 Rb3 27. Bc4 Rb7 28. Qa5 Reb8 29. Rac1 Rb2 30. Rd2 R2b4 31. Qa6 Bg6 32. Rcd1 Kh7 33. Bf1 Rd8 34. Bc4 Qc7 35. g3 Rdb8 36. Bf1 Rb3 37. Qe2 Ra3 38. Bg2 Rxa4 39. Bxe4 Bxe4 40. Qxe4+ g6 41. h4 h5 42. Qe5 Rb7 43. Qf6 Qe7 44. Qe5 Qd7 45. Re2 Rab4 46. Qf6 a5 47. Rde1 Qe7 48. Qe5 Qd7 49. Ra2 a4 50. Qe3 Qxd4 51. Qe2 Qxc5 52. Qa6 Qd5 53. Rea1 Rb1+ 54. Kh2 Qh1# 0-1

[Event "Titled Tuesday intern op 17th Sep Late"]
[Site "Chess,com INT"]
[Date "2024.09.17"]
[Round "11"]
[White "Dubreuil, Julien"]
[Black "Wisniacki, Flavio"]
[Result "0-1"]
[WhiteElo "2096"]
[BlackElo "2268"]
[PlyCount "92"]
[EventDate "2024.09.17"]
[EventType "swiss (blitz)"]
[EventRounds "11"]
[EventCountry "USA"]
[SourceTitle "CB42_2024"]
[Source "ChessBase"]
[SourceDate "2024.10.16"]
[SourceVersion "1"]
[SourceVersionDate "2024.10.16"]
[SourceQuality "1"]

1. e4 e5 2. Nf3 Nc6 3. Nc3 Nf6 4. Nd5 d6 5. d4 exd4 6. Bb5 Bd7 7. 0-0 Be7 8. Nxd4 Nxd5 9. exd5 Nxd4 10. Bxd7+ Qxd7 11. Qxd4 0-0 12. Qb4 c5 13. dxc6 bxc6 14. Bf4 d5 15. Qa4 Bc5 16. Rad1 Rfe8 17. c4 d4 18. b4 Bf8 19. Be3 Re4 20. Rd3 Qe6 21. Bxd4 Qxc4 22. Qd1 Qxb4 23. Be3 Rae8 24. Qf3 R4e6 25. Rfd1 a5 26. h3 Qe4 27. Qg3 Rg6 28. Qh2 c5 29. R3d2 c4 30. Rd4 Qc6 31. Rc1 c3 32. Rd3 Bd6 33. g3 Be5 34. Qg2 Qc4 35. Qf1 Bxg3 36. fxg3 Rxg3+ 37. Kh2 Rgxe3 38. Rxe3 Qc7+ 39. Rg3 Re3 40. Qf2 Rd3 41. Rc2 h5 42. Kg2 Qc6+ 43. Rf3 Rxf3 44. Qxf3 Qg6+ 45. Kh1 Qxc2 46. Qa8+ Kh7 0-1

[Event "Titled Tuesday intern op 17th Sep Late"]
[Site "Chess,com INT"]
[Date "2024.09.17"]
[Round "5"]
[White "Wisniacki, Flavio"]
[Black "Kozusek, Daniel"]
[Result "0-1"]
[WhiteElo "2268"]
[BlackElo "2367"]
[PlyCount "66"]
[EventDate "2024.09.17"]
[EventType "swiss (blitz)"]
[EventRounds "11"]
[EventCountry "USA"]
[SourceTitle "CB42_2024"]
[Source "ChessBase"]
[SourceDate "2024.10.16"]
[SourceVersion "1"]
[SourceVersionDate "2024.10.16"]
[SourceQuality "1"]

1. Nf3 d5 2. d4 Nf6 3. c4 e6 4. g3 dxc4 5. Bg2 Bd7 6. Ne5 Bc6 7. Nxc6 Nxc6 8. Qa4 Qd7 9. Bxc6 Qxc6 10. Qxc6+ bxc6 11. Nd2 Bb4 12. 0-0 Bxd2 13. Bxd2 Ne4 14. Bf4 Kd7 15. Rfc1 Rab8 16. Rc2 Rb6 17. f3 Nd6 18. Rd1 Rhb8 19. Bc1 f5 20. Kf2 Rb5 21. h4 Ra5 22. a3 Rd5 23. e3 Rb3 24. Bd2 a5 25. Bc3 a4 26. h5 g5 27. hxg6 hxg6 28. Rh1 g5 29. Rh7+ Kc8 30. Re7 g4 31. Rxe6 gxf3 32. Kxf3 Ne4 33. Be1 Ng5+ 0-1

[Event "Titled Tuesday intern op 12th Mar Late"]
[Site "Chess.com INT"]
[Date "2024.03.12"]
[Round "11"]
[White "Buenafe Moya, Javier"]
[Black "Wisniacki, Flavio"]
[Result "1-0"]
[WhiteElo "2163"]
[BlackElo "2232"]
[PlyCount "87"]
[EventDate "2024.03.12"]
[EventType "swiss (blitz)"]
[EventRounds "11"]
[EventCountry "USA"]
[SourceTitle "CB12_2024"]
[SourceDate "2023.10.01"]
[SourceVersion "1"]
[SourceVersionDate "2023.10.01"]
[SourceQuality "1"]

1. c4 Nf6 2. Nc3 c5 3. Nf3 d5 4. cxd5 Nxd5 5. g3 Nc6 6. Bg2 Nc7 7. 0-0 e5 8. d3 Be7 9. Be3 0-0 10. Rc1 b6 11. h4 h6 12. a3 Be6 13. Na4 Nd4 14. Nxe5 Bb3 15. Qe1 Bxa4 16. Bxa8 Qxa8 17. Bxd4 cxd4 18. Rxc7 Bd6 19. Rc4 b5 20. Rxa4 bxa4 21. Nc4 Bc7 22. Qb4 Qc6 23. Rc1 Rb8 24. Qd2 Qg6 25. Kg2 Qc6+ 26. Kh2 Qf6 27. Kg2 Qc6+ 28. Kg1 Qg6 29. Kg2 Re8 30. e4 dxe3 31. Nxe3 Bf4 32. Rc4 Rxe3 33. fxe3 Qxg3+ 34. Kf1 Bxe3 35. Qg2 Qb8 36. Qe4 Bb6 37. Qf5 Qd6 38. Rc8+ Bd8 39. Ke2 Qh2+ 40. Kd1 Qg1+ 41. Kc2 Qg2+ 42. Kc3 g6 43. Rxd8+ Kg7 44. Qe5+ 1-0

[Event "Titled Tuesday intern op 12th Mar Late"]
[Site "Chess.com INT"]
[Date "2024.03.12"]
[Round "6"]
[White "Golubovic, Erik"]
[Black "Wisniacki, Flavio"]
[Result "1-0"]
[WhiteElo "2096"]
[BlackElo "2232"]
[PlyCount "99"]
[EventDate "2024.03.12"]
[EventType "swiss (blitz)"]
[EventRounds "11"]
[EventCountry "USA"]
[SourceTitle "CB12_2024"]
[SourceDate "2023.10.01"]
[SourceVersion "1"]
[SourceVersionDate "2023.10.01"]
[SourceQuality "1"]

1. d4 d5 2. c4 e6 3. Nf3 Nf6 4. g3 Be7 5. Bg2 0-0 6. 0-0 b6 7. cxd5 exd5 8. Nc3 Bb7 9. Bf4 c5 10. dxc5 bxc5 11. Qb3 Qb6 12. Qxb6 axb6 13. Ne5 Rd8 14. Rfd1 Ra7 15. Nc4 dxc4 16. Rxd8+ Bxd8 17. Bxb8 Ra8 18. Bxb7 Rxb8 19. Ba6 Bc7 20. Bxc4 Be5 21. Rd1 Kf8 22. a4 Ke7 23. Rd3 Kf8 24. e3 Ke7 25. f4 Bc7 26. Nb5 Bd8 27. Kg2 Ne8 28. Kf3 g6 29. e4 Rb7 30. e5 Rd7 31. Rxd7+ Kxd7 32. Bxf7 Nc7 33. Nxc7 Bxc7 34. Ke4 Ke7 35. Bg8 Kf8 36. Bc4 Ke7 37. Kd5 Bd8 38. g4 Kd7 39. f5 gxf5 40. gxf5 Bh4 41. f6 Bg5 42. b3 Ke8 43. Ke6 Bf4 44. h3 h5 45. Kf5 Bg3 46. e6 Bd6 47. Bb5+ Kf8 48. e7+ Bxe7 49. fxe7+ Kxe7 50. Kg5 1-0

[Event "Titled Tuesday intern op 12th Mar Late"]
[Site "Chess.com INT"]
[Date "2024.03.12"]
[Round "7"]
[White "Wisniacki, Flavio"]
[Black "Da Silva, Erick Feitosa"]
[Result "1-0"]
[WhiteElo "2232"]
[BlackElo "2061"]
[PlyCount "69"]
[EventDate "2024.03.12"]
[EventType "swiss (blitz)"]
[EventRounds "11"]
[EventCountry "USA"]
[SourceTitle "CB12_2024"]
[SourceDate "2023.10.01"]
[SourceVersion "1"]
[SourceVersionDate "2023.10.01"]
[SourceQuality "1"]

1. Nf3 d5 2. d4 Nf6 3. c4 e6 4. Nc3 Be7 5. Bg5 0-0 6. e3 h6 7. Bh4 b6 8. Rc1 Bb7 9. cxd5 Nxd5 10. Bxe7 Qxe7 11. Bd3 c5 12. dxc5 bxc5 13. 0-0 Nc6 14. a3 Rfd8 15. Qe2 Na5 16. Bb1 c4 17. Qc2 g6 18. Nd4 Qg5 19. Nxd5 Bxd5 20. f4 Qe7 21. Qc3 Nb7 22. e4 e5 23. exd5 exd4 24. Qxd4 Rac8 25. Rfe1 Qd6 26. Rxc4 Rxc4 27. Qxc4 Qxd5 28. Re8+ Kg7 29. Qxd5 Rxd5 30. Re7 Nc5 31. Ba2 Rd1+ 32. Kf2 Rd2+ 33. Kf3 Rxb2 34. Rxf7+ Kg8 35. Bd5 1-0

[Event "Titled Tuesday intern op 18th Apr Early"]
[Site "Chess.com INT"]
[Date "2023.04.18"]
[Round "6"]
[White "Antonova, Nadezhda"]
[Black "Wisniacki, Flavio"]
[Result "0-1"]
[WhiteElo "1945"]
[BlackElo "2205"]
[PlyCount "136"]
[EventDate "2023.04.18"]
[EventType "swiss (blitz)"]
[EventRounds "11"]
[EventCountry "USA"]
[SourceTitle "EXT 2024"]
[Source "ChessBase"]
[SourceDate "2023.10.10"]
[SourceVersion "1"]
[SourceVersionDate "2023.10.10"]
[SourceQuality "1"]

1. Nf3 Nf6 2. b3 d5 3. Bb2 Bf5 4. g3 e6 5. Bg2 Be7 6. 0-0 h6 7. d3 c6 8. Nbd2 0-0 9. c4 Nbd7 10. Qc2 a5 11. a3 Bh7 12. Ne5 Nxe5 13. Bxe5 Nd7 14. Bc3 Bf6 15. b4 Bxc3 16. Qxc3 Qf6 17. Qxf6 Nxf6 18. Nb3 axb4 19. axb4 Rfb8 20. c5 Kf8 21. Na5 Ke7 22. Ra3 Kd7 23. Rfa1 Kc7 24. Bf1 e5 25. e3 Nd7 26. Bh3 Nf8 27. Kf1 g5 28. Ke2 h5 29. Bg2 Bf5 30. e4 dxe4 31. dxe4 Be6 32. Ke3 Nd7 33. Bf1 Nf8 34. Be2 g4 35. Nc4 Rxa3+ 36. Rxa3 Bxc4 37. Bxc4 f6 38. Bf7 Kd8 39. Bxh5 Ne6 40. Bxg4 Nd4 41. Bd1 Kc7 42. h4 Rh8 43. Rd3 b6 44. f4 bxc5 45. bxc5 Rb8 46. f5 Rb2 47. h5 Rh2 48. Bf3 Kd8 49. Rxd4+ exd4+ 50. Kxd4 Ke7 51. e5 Rd2+ 52. Ke3 Rc2 53. exf6+ Kxf6 54. g4 Rxc5 55. Kf4 Rc4+ 56. Kg3 Kg5 57. Kf2 c5 58. Be2 Rf4+ 59. Ke3 c4 60. Kd2 Re4 61. Bd1 Rd4+ 62. Kc2 c3 63. Bf3 Rf4 64. Bd1 Rf1 65. Be2 Rf2 66. Kd3 c2 67. Ke3 Rxe2+ 68. Kxe2 c1Q 0-1

[Event "Titled Tuesday intern op 18th Apr Early"]
[Site "Chess.com INT"]
[Date "2023.04.18"]
[Round "10"]
[White "Wisniacki, Flavio"]
[Black "Weetik, Vjacheslav"]
[Result "0-1"]
[WhiteElo "2205"]
[BlackElo "2423"]
[PlyCount "58"]
[EventDate "2023.04.18"]
[EventType "swiss (blitz)"]
[EventRounds "11"]
[EventCountry "USA"]
[SourceTitle "EXT 2024"]
[Source "ChessBase"]
[SourceDate "2023.10.10"]
[SourceVersion "1"]
[SourceVersionDate "2023.10.10"]
[SourceQuality "1"]

1. Nf3 g6 2. g3 Bg7 3. Bg2 e5 4. 0-0 Ne7 5. d3 d5 6. c4 c6 7. cxd5 cxd5 8. Nc3 Nbc6 9. e4 d4 10. Ne2 h6 11. Ne1 Be6 12. f4 Qd7 13. Nf3 f6 14. fxe5 fxe5 15. Bd2 0-0 16. Rc1 g5 17. Qa4 Ng6 18. Bb4 Nxb4 19. Qxb4 g4 20. Nd2 h5 21. Rxf8+ Rxf8 22. Rf1 Rc8 23. Rc1 Rxc1+ 24. Nxc1 Bh6 25. Ncb3 Be3+ 26. Kh1 Qf7 27. Nf1 Qf2 28. Nxe3 dxe3 29. Nc1 h4 0-1

[Event "Mar de Ajo op 4th"]
[Site "Mar de Ajo"]
[Date "2022.10.29"]
[Round "3"]
[White "Wisniacki, Flavio"]
[Black "Llanos, Guillermo"]
[Result "1-0"]
[WhiteElo "2122"]
[BlackElo "2295"]
[PlyCount "81"]
[EventDate "2022.10.28"]
[EventType "swiss"]
[EventRounds "6"]
[EventCountry "ARG"]
[SourceTitle "EXT 2024"]
[Source "ChessBase"]
[SourceDate "2023.10.10"]
[SourceVersion "1"]
[SourceVersionDate "2023.10.10"]
[SourceQuality "1"]

1. Nf3 b6 2. b3 Bb7 3. e3 c5 4. Bb2 e6 5. c4 Nf6 6. Be2 d5 7. cxd5 exd5 8. d4 Nbd7 9. 0-0 Bd6 10. Nc3 Qe7 11. Rc1 0-0 12. Nb5 Bb8 13. dxc5 bxc5 14. Ba3 Re8 15. Nbd4 a6 16. Nf5 Qe6 17. Ng3 Bxg3 18. hxg3 Rac8 19. Bd3 g6 20. b4 d4 21. bxc5 dxe3 22. Rc2 Ng4 23. Bc4 Qf5 24. Nh4 exf2+ 25. Rcxf2 Nxf2 26. Rxf2 Qxf2+ 27. Kxf2 Ne5 28. Be2 Be4 29. Qd4 Bb1 30. Bb2 f6 31. Qd5+ Kh8 32. Qd6 Rc6 33. Qd5 Rce6 34. g4 Nf7 35. Bc4 Ne5 36. Bxe5 Rxe5 37. Qd6 Kg7 38. c6 Be4 39. Nf3 R5e7 40. Nd4 Bxc6 41. Qxc6 1-0

[Event "Buenos Aires Ciudad de Nueve op 4th"]
[Site "Buenos Aires"]
[Date "2022.10.10"]
[Round "6"]
[White "Wisniacki, Flavio"]
[Black "Llanos, Guillermo"]
[Result "0-1"]
[WhiteElo "2122"]
[BlackElo "2295"]
[PlyCount "132"]
[EventDate "2022.10.08"]
[EventType "swiss"]
[EventRounds "7"]
[EventCountry "ARG"]
[SourceTitle "EXT 2024"]
[Source "ChessBase"]
[SourceDate "2023.10.10"]
[SourceVersion "1"]
[SourceVersionDate "2023.10.10"]
[SourceQuality "1"]

1. d4 Nf6 2. c4 g6 3. Nf3 Bg7 4. g3 0-0 5. Bg2 c5 6. 0-0 cxd4 7. Nxd4 Nc6 8. Nc3 Ng4 9. e3 Nge5 10. b3 f5 11. Bb2 h5 12. h4 Ng4 13. Nd5 e6 14. Nf4 Qe8 15. Qd2 e5 16. Nb5 exf4 17. Nc7 Qe7 18. Bxg7 Kxg7 19. Nxa8 fxe3 20. Qc3+ Kh7 21. f3 e2 22. Rfe1 Qc5+ 23. Kh1 Nf2+ 24. Kh2 Nd4 25. Qe3 f4 26. gxf4 Nd1 27. Raxd1 exd1Q 28. Rxd1 Nxb3 29. Qxb3 Rxf4 30. Kg3 Rxc4 31. Qd3 Qe5+ 32. Kf2 Qf4 33. Re1 Qxh4+ 34. Kf1 Rc6 35. Qa3 d6 36. Qb2 b6 37. Re8 Qc4+ 38. Ke1 Qc1+ 39. Qxc1 Rxc1+ 40. Kd2 Rg1 41. Re2 g5 42. Ke3 h4 43. Kf2 Rc1 44. Re7+ Kg6 45. Rc7 Rc5 46. Bf1 Bf5 47. Rxc5 dxc5 48. Nc7 Kf6 49. Nb5 Be6 50. Nxa7 Bxa2 51. Nc8 c4 52. Nxb6 c3 53. Nd7+ Ke6 54. Nc5+ Kd5 55. Nd3 Bc4 56. Nc1 Bxf1 57. Kxf1 Kd4 58. Kf2 c2 59. Kg2 Ke3 60. Nb3 Ke2 61. Nc1+ Kd1 62. Na2 c1Q 63. Nxc1 Kxc1 64. Kf1 Kd1 65. Kf2 Kd2 66. Kf1 Ke3 0-1

[Event "Buenos Aires Ciudad de Nueve op 4th"]
[Site "Buenos Aires"]
[Date "2022.10.09"]
[Round "4"]
[White "Romero Barreto, Jaime Jose"]
[Black "Wisniacki, Flavio"]
[Result "1-0"]
[WhiteElo "2335"]
[BlackElo "2122"]
[PlyCount "99"]
[EventDate "2022.10.08"]
[EventType "swiss"]
[EventRounds "7"]
[EventCountry "ARG"]
[SourceTitle "EXT 2024"]
[Source "ChessBase"]
[SourceDate "2023.10.10"]
[SourceVersion "1"]
[SourceVersionDate "2023.10.10"]
[SourceQuality "1"]

1. e4 e5 2. Nf3 Nc6 3. Bc4 Nf6 4. d3 h6 5. 0-0 d6 6. c3 g5 7. Qe2 Qe7 8. Be3 Nh5 9. Re1 Nf4 10. Qf1 Na5 11. Bb5+ Bd7 12. d4 Bg7 13. b4 Nc6 14. d5 Nb8 15. a4 0-0 16. Bxd7 Qxd7 17. c4 f5 18. Nc3 Ng6 19. exf5 Qxf5 20. Nd2 e4 21. Ndxe4 Nd7 22. Ng3 Qf6 23. Rac1 Nge5 24. Nb5 Rfc8 25. a5 Qg6 26. Red1 Ng4 27. Bd4 Bxd4 28. Rxd4 h5 29. Re1 Nde5 30. f3 Rf8 31. Qe2 Rae8 32. fxg4 Nf3+ 33. gxf3 Rxe2 34. Rxe2 Qb1+ 35. Kg2 h4 36. Nf1 h3+ 37. Kf2 Qxb4 38. Rde4 Qc5+ 39. Ne3 Rf4 40. Re7 Rf7 41. Re8+ Kg7 42. Nc3 Qxa5 43. Ne4 Kg6 44. Re6+ Kg7 45. Nxg5 Rf6 46. Nf5+ Kg6 47. Rxf6+ Kxf6 48. Ne4+ Kg6 49. f4 Qa1 50. Ng5 1-0

[Event "General Pico Anconetani Memorial 5th"]
[Site "General Pico"]
[Date "2022.08.28"]
[Round "6"]
[White "Wisniacki, Flavio"]
[Black "Flores Becerra, Franco"]
[Result "1-0"]
[WhiteElo "2144"]
[BlackElo "1764"]
[PlyCount "31"]
[EventDate "2022.08.26"]
[EventType "swiss"]
[EventRounds "7"]
[EventCountry "ARG"]
[SourceTitle "EXT 2023"]
[Source "ChessBase"]
[SourceDate "2022.10.05"]
[SourceVersion "1"]
[SourceVersionDate "2022.10.05"]
[SourceQuality "1"]

1. Nf3 Nf6 2. d4 c5 3. dxc5 e6 4. Be3 Na6 5. c4 Nxc5 6. Nc3 b6 7. g3 Bb7 8. Bg2 d5 9. Bxc5 Bxc5 10. Qa4+ Qd7 11. Qxd7+ Kxd7 12. Ne5+ Ke7 13. cxd5 Nxd5 14. Nxd5+ Bxd5 15. Bxd5 Bb4+ 16. Kf1 1-0

[Event "Santa Rosa op"]
[Site "Santa Rosa"]
[Date "2022.07.10"]
[Round "7"]
[White "Llanos, Joaquin"]
[Black "Wisniacki, Flavio"]
[Result "1/2-1/2"]
[WhiteElo "1943"]
[BlackElo "2128"]
[PlyCount "26"]
[EventDate "2022.07.08"]
[EventType "swiss"]
[EventRounds "7"]
[EventCountry "ARG"]
[SourceTitle "CBM 209 Extra"]
[Source "ChessBase"]
[SourceDate "2022.09.30"]
[SourceVersion "1"]
[SourceVersionDate "2022.09.30"]
[SourceQuality "1"]

1. e4 e5 2. Nf3 Nc6 3. Bb5 a6 4. Ba4 Nf6 5. 0-0 b5 6. Bb3 Be7 7. Re1 d6 8. h3 0-0 9. c3 Re8 10. Ng5 Rf8 11. Nf3 Re8 12. Ng5 Rf8 13. Nf3 Re8 1/2-1/2

[Event "Santa Rosa op"]
[Site "Santa Rosa"]
[Date "2022.07.09"]
[Round "3"]
[White "Lima, Joaquin"]
[Black "Wisniacki, Flavio"]
[Result "0-1"]
[WhiteElo "2030"]
[BlackElo "2128"]
[PlyCount "97"]
[EventDate "2022.07.08"]
[EventType "swiss"]
[EventRounds "7"]
[EventCountry "ARG"]
[SourceTitle "CBM 209 Extra"]
[Source "ChessBase"]
[SourceDate "2022.09.30"]
[SourceVersion "1"]
[SourceVersionDate "2022.09.30"]
[SourceQuality "1"]

1. e4 d6 2. d4 Nf6 3. Nc3 e5 4. dxe5 dxe5 5. Qxd8+ Kxd8 6. Nf3 Bd6 7. Bg5 c6 8. Bc4 Ke7 9. 0-0-0 Rd8 10. Rd2 Be6 11. Bxe6 Kxe6 12. Rhd1 Na6 13. Be3 h6 14. Nh4 Rd7 15. Nf5 Bf8 16. f3 h5 17. Bg5 Rxd2 18. Rxd2 g6 19. Ng3 Bc5 20. Nf1 Bb4 21. Be3 Bxc3 22. bxc3 b6 23. c4 c5 24. Bf2 Ne8 25. Kb2 Nd6 26. Kb3 Nb4 27. Ne3 Nc6 28. Kc3 Rd8 29. Nd5 Rd7 30. Bh4 Ne8 31. f4 Nd6 32. Re2 Na5 33. fxe5 Ndxc4 34. Rf2 b5 35. Rf6+ Kxe5 36. Ra6 Rd6 37. Bg3+ Kxe4 38. Bxd6 Kxd5 39. Kd3 Nc6 40. c3 Kxd6 41. a4 Nb2+ 42. Kd2 bxa4 43. Kc2 Nc4 44. Rxa4 Ne3+ 45. Kd3 Nxg2 46. Ke2 g5 47. Ra1 Nf4+ 48. Ke3 Nd5+ 49. Kd2 0-1

[Event "Santa Rosa op"]
[Site "Santa Rosa"]
[Date "2022.07.09"]
[Round "5"]
[White "Peral, Alexis"]
[Black "Wisniacki, Flavio"]
[Result "1/2-1/2"]
[WhiteElo "1998"]
[BlackElo "2128"]
[PlyCount "100"]
[EventDate "2022.07.08"]
[EventType "swiss"]
[EventRounds "7"]
[EventCountry "ARG"]
[SourceTitle "CBM 209 Extra"]
[Source "ChessBase"]
[SourceDate "2022.09.30"]
[SourceVersion "1"]
[SourceVersionDate "2022.09.30"]
[SourceQuality "1"]

1. e4 d6 2. d4 Nf6 3. Nc3 g6 4. f4 Bg7 5. Nf3 0-0 6. e5 Nfd7 7. Bc4 Nb6 8. Bb3 dxe5 9. fxe5 c5 10. dxc5 Qxd1+ 11. Nxd1 N6d7 12. e6 Nxc5 13. exf7+ Kh8 14. Bc4 Nbd7 15. a3 Nb6 16. Ba2 Be6 17. Bxe6 Nxe6 18. Bd2 Nc4 19. Bc3 Bxc3+ 20. Nxc3 Ne3 21. Kf2 Nxc2 22. Rad1 Rxf7 23. Rd7 Ncd4 24. Re1 Re8 25. Re3 Nxf3 26. gxf3 Nd8 27. Nb5 e5 28. Rxf7 Nxf7 29. Nxa7 Kg7 30. Rb3 Re7 31. Ke3 Ng5 32. Nc8 Rf7 33. Ke2 Ne6 34. Rc3 Nf4+ 35. Ke1 Rd7 36. Nb6 Re7 37. Kd2 Kf6 38. b4 Re6 39. Nd7+ Ke7 40. Nc5 Rd6+ 41. Ke1 Rc6 42. Kd2 b6 43. Ne4 Rxc3 44. Nxc3 Kd6 45. a4 Ne6 46. a5 bxa5 47. bxa5 Kc5 48. Kd3 Kb4 49. Nd5+ Kxa5 50. Nf6 Kb5 1/2-1/2

[Event "Santa Rosa op"]
[Site "Santa Rosa"]
[Date "2022.07.08"]
[Round "1"]
[White "Medina, Ivan Ezequiel"]
[Black "Wisniacki, Flavio"]
[Result "0-1"]
[WhiteElo "1609"]
[BlackElo "2128"]
[PlyCount "90"]
[EventDate "2022.07.08"]
[EventType "swiss"]
[EventRounds "7"]
[EventCountry "ARG"]
[SourceTitle "CBM 209 Extra"]
[Source "ChessBase"]
[SourceDate "2022.09.30"]
[SourceVersion "1"]
[SourceVersionDate "2022.09.30"]
[SourceQuality "1"]

1. c4 d6 2. Nc3 Nf6 3. Nf3 g6 4. g3 Bg7 5. Bg2 0-0 6. 0-0 c5 7. d4 Nc6 8. dxc5 dxc5 9. Qxd8 Rxd8 10. Be3 Nd4 11. Bxd4 cxd4 12. Rfd1 e5 13. Nb5 Ne8 14. e3 a6 15. Na3 Bg4 16. e4 Nd6 17. h3 Be6 18. b3 Nxe4 19. Nxd4 Nc3 20. Nxe6 Rxd1+ 21. Rxd1 Nxd1 22. Nc7 Rd8 23. Nd5 Bf8 24. Nc2 Bc5 25. Kf1 Nxf2 26. b4 Ba7 27. c5 Nd3 28. a3 f5 29. Nce3 e4 30. g4 f4 31. Bxe4 Nxc5 32. bxc5 fxe3 33. c6 bxc6 34. Ne7+ Kg7 35. Nxc6 Rf8+ 36. Ke1 Bc5 37. Nb4 Bxb4+ 38. axb4 Rf2 39. Bd3 Ra2 40. h4 Kf6 41. g5+ Ke5 42. h5 Kf4 43. hxg6 Kf3 44. Kd1 Ra1+ 45. Kc2 hxg6 0-1

[Event "La Pampa op"]
[Site "La Pampa"]
[Date "2022.03.04"]
[Round "1"]
[White "Lesnaberes, Dario"]
[Black "Wisniacki, Flavio"]
[Result "0-1"]
[WhiteElo "1771"]
[BlackElo "2158"]
[PlyCount "44"]
[EventDate "2022.03.04"]
[EventType "swiss"]
[EventRounds "7"]
[EventCountry "ARG"]
[SourceTitle "CBM 207 Extra"]
[Source "ChessBase"]
[SourceDate "2022.05.31"]
[SourceVersion "1"]
[SourceVersionDate "2022.05.31"]
[SourceQuality "1"]

1. d4 Nf6 2. Bf4 e6 3. e3 c5 4. c3 b6 5. Nf3 Be7 6. Bd3 0-0 7. h4 d6 8. Nbd2 Nc6 9. Ng5 e5 10. Nde4 h6 11. Nxf6+ Bxf6 12. dxe5 dxe5 13. Qc2 exf4 14. Bc4 Bxg5 15. hxg5 Qxg5 16. Qe4 Bb7 17. Bd3 f5 18. Qe6+ Kh8 19. 0-0-0 fxe3 20. f4 Qxf4 21. Rdf1 Qg5 22. Be2 Rfe8 0-1